000 01468nam a2200325Ia 4500
001 ebr10579775
003 CaPaEBR
006 m u
007 cr cn|||||||||
008 010424s1998 ne a sb 101 0 eng d
020 _z9789062991402
020 _z9789062997848
020 _z9062991408
040 _aCaPaEBR
_cCaPaEBR
035 _a(OCoLC)805600159
050 1 4 _aRE336
_b.N48 1997eb
110 2 _aNew Orleans Academy of Ophthalmology.
_bSession
_n(46th :
_d1997 :
_cNew Orleans, La.)
245 1 0 _aCornea and refractive surgery
_h[electronic resource] :
_bproceedings of the 46th Annual Symposium of the New Orleans Academy of Ophthalmology, New Orleans, LA, USA, February 21-23, 1997 /
_cedited Daniel A. Long.
260 _aThe Hague ;
_aNew York :
_bKugler Publications,
_cc1998.
300 _aix, 306 p. :
_bill. (some col.)
504 _aIncludes bibliographical references and index.
533 _aElectronic reproduction.
_bPalo Alto, Calif. :
_cebrary,
_d2011.
_nAvailable via World Wide Web.
_nAccess may be limited to ebrary affiliated libraries.
650 0 _aCornea
_xSurgery
_vCongresses.
650 0 _aEye
_xRefractive errors
_xSurgery
_vCongresses.
655 7 _aElectronic books.
_2local
700 1 _aLong, Daniel A.
710 2 _aebrary, Inc.
710 2 _aNew Orleans Academy of Ophthalmology.
856 4 0 _uhttp://site.ebrary.com/lib/rucke/Doc?id=10579775
_zAn electronic book accessible through the World Wide Web; click to view
999 _c85913
_d85913